LEADER 01083nam0-2200337---450- 001 990009999320403321 005 20150922131909.0 010 $a978-88-8350-208-8 035 $a000999932 035 $aFED01000999932 035 $a(Aleph)000999932FED01 035 $a000999932 100 $a20150922d2014----km-y0itay50------ba 101 0 $aita 102 $aIT 105 $ay-------001yy 200 1 $a<>guerra che non c'era$eopinione pubblica e interventi militari italiani dall'Afghanistan alla Libia$fFabrizio Coticchia$gprefazione di Vittorio Emanuele Parsi 210 $aMilano$cUniversità Bocconi$d2014 215 $a156 p.$d20 cm 225 1 $aItinerari 610 0 $aItalia$aPolitica militare$aGiudizi [degli] Italiani$a2006-2011 676 $a355.033545$v23$zita 700 1$aCoticchia,$bFabrizio$0748292 702 1$aParsi,$bVittorio Emanuele 801 0$aIT$bUNINA$gREICAT$2UNIMARC 901 $aBK 912 $a990009999320403321 952 $aXIII B 943$b587/2015$fFSPBC 959 $aFSPBC 996 $aGuerra che non c'era$91496105 997 $aUNINA LEADER 01085nam0 22002771i 450 001 UON00410761 005 20231205104739.341 010 $a978-86-8488-517-5 100 $a20120724d2006 |0itac50 ba 101 $asrp 102 $aRS 105 $a|||| 1|||| 200 1 $aAkcent i intonacija govora na radiju i televiziji$fJelica Jokanovic-Mihachajlov 210 $aBeograd$cCigoja stampa$d2006 215 $a279 p.$cill.$d24 cm. 606 $aLINGUA SERBA$xTRASMISSIONI RADIO TELEVISIVE$3UONC053496$2FI 620 $aRS$dBelgrado$3UONL001000 676 $a491.82$cSERBO CROATO$v21 700 1$aJOKANOVIC-MICHAJLOV$bJelica$3UONV210194$0708948 712 $a?igoja ?tampa$3UONV267606$4650 801 $aIT$bSOL$c20240220$gRICA 899 $aSIBA - SISTEMA BIBLIOTECARIO DI ATENEO$2UONSI 912 $aUON00410761 950 $aSIBA - SISTEMA BIBLIOTECARIO DI ATENEO$dSI SERBO CROATO A 2143 $eSI 1427 5 2143 996 $aAkcent i intonacija govora na radiju i televiziji$91340862 997 $aUNIOR